01330nam a2200325 i 4500001000300000003000900003005001700012008003900029015001600068040004100084046000900125080000700134080000700141245020000148260005500348300005000403380001700453388001400470504003400484521019000518658001100708658002400719650001100743650001100754655001300765700004500778710004100823700004300864856009700907bgKOSZ 00520210218144144.0080313s1962 pl a f 001 0 pol aPB 1962/318 aWA NcWA NdKOSZ 005/RWdKOSZ 005/HR k1962 a54 a5300aPoradnik fizykochemiczny :bdziały: ogólny, fizykochemiczny, nieorganiczny, organiczny, analityczny, informacyjny /c[aut. Zdzisław Bańkowski et al. ; kol. [red.] Osman Achmatowicz et al.]. aWarszawa :bWydawnictwa Naukowo-Techniczne,c1962. aXXVIII, 1789, [2] s., [6] k. :bil. ;c21 cm. aKsiążki. a1901-2000 aBibliogr. przy rozdz. Indeks.8 aDla magistrów, inżynierów i techników, zwłaszcza dla chemików, fizyków, farmaceutów, lekarzy, biologów oraz dla studiujących chemię w szkole średniej i wyższej. aChemia aFizyka i astronomia 4aFizyka 4aChemia 4aPoradnik1 aBańkowski, Zdzisławd(1913- ).eAutor2 aWydawnictwa Naukowo-Techniczne4pbl.1 aAchmatowicz, Osmand(1931- )eRedakcja uhttp://koha.tu.koszalin.pl/cgi-bin/koha/opac-detail.pl?biblionumber=8237yKatalog online BPK